The noble scholar, jurist, historian


 His Excellency Dr. Abdul Wahhab bin Ibrahim Abu Sulaiman, may Allah have mercy on him.


 He was born in Umm Al-Qura in the year 1356 AH.

منهج التعليم الابتدائي لمدارس البنين 1388 هـ. / 1968 م / (Record no. 13997)

MARC details
000 -LEADER
fixed length control field 00956cam a22002411i 4500
003 - CONTROL NUMBER IDENTIFIER
control field SA-RiAUC
005 - DATE AND TIME OF LATEST TRANSACTION
control field 20260112054132.0
008 - FIXED-LENGTH DATA ELEMENTS--GENERAL INFORMATION
fixed length control field 260111s1968 su g f00000 ara c
040 ## - CATALOGING SOURCE
Original cataloging agency SA-JeALM
Language of cataloging ara
Transcribing agency SA-RiAUC
Description conventions rda
043 ## - GEOGRAPHIC AREA CODE
Geographic area code a-su---
082 04 - DEWEY DECIMAL CLASSIFICATION NUMBER
Classification number 372.199531
Assigning agency SA-RiAUC
090 ## - LOCALLY ASSIGNED LC-TYPE CALL NUMBER (OCLC); LOCAL CALL NUMBER (RLIN)
Classification number (OCLC) (R) ; Classification number, CALL (RLIN) (NR) 372.199531
Local cutter number (OCLC) ; Book number/undivided call number, CALL (RLIN) س ع و
110 1# - MAIN ENTRY--CORPORATE NAME
Corporate name or jurisdiction name as entry element السعودية.
Subordinate unit وزارة المعارف
Relator term مؤلف.
245 10 - TITLE STATEMENT
Title منهج التعليم الابتدائي لمدارس البنين 1388 هـ. / 1968 م /
Statement of responsibility, etc. وزارة المعارف.
264 #1 - PRODUCTION, PUBLICATION, DISTRIBUTION, MANUFACTURE, AND COPYRIGHT NOTICE
Place of production, publication, distribution, manufacture الرياض :
Name of producer, publisher, distributor, manufacturer وزارة المعارف،
Date of production, publication, distribution, manufacture, or copyright notice 1968
300 ## - PHYSICAL DESCRIPTION
Extent 136 صفحة ؛
Dimensions 24 سم
336 ## - CONTENT TYPE
Content type term نص
Content type code txt
Source rdacontent
Materials specified كتاب
337 ## - MEDIA TYPE
Media type term بدون وسيط
Media type code n
Source rdamedia
610 17 - SUBJECT ADDED ENTRY--CORPORATE NAME
Corporate name or jurisdiction name as entry element السعودية.
Subordinate unit وزارة المعارف
General subdivision بحوث
Source of heading or term aucnm
650 #7 - SUBJECT ADDED ENTRY--TOPICAL TERM
Topical term or geographic name entry element التعليم الابتدائي
General subdivision مناهج
Geographic subdivision السعودية
Source of heading or term aucsh
942 ## - ADDED ENTRY ELEMENTS (KOHA)
Source of classification or shelving scheme Dewey Decimal Classification
Koha item type Books
Suppress in OPAC No
949 ## - LOCAL PROCESSING INFORMATION (OCLC)
a SA-JeALM
d 260111
u osman123
n 1
Holdings
Withdrawn status Lost status Source of classification or shelving scheme Damaged status Not for loan Home library Current library Date acquired Total checkouts Full call number Barcode Date last seen Price effective from Koha item type
    Dewey Decimal Classification     DR AbdElwahab Library DR AbdElwahab Library 01/12/2026   372.199531 س ع و 000022403 01/12/2026 01/12/2026 Books